Untersuchungen Zum Deutschen Vertriebenen- und Flüchtlingsproblem : Zweite Abteilung: Einzeldarstellungen. IX: Kollai, Helmut R. : Die Eingliederung der Vertriebenen und Zuwanderer in Niedersachsen.

Bibliographic Details
Main Author: Pfister, Bernhard.
Format: eBook
Language:German
Published: Berlin : Duncker & Humblot, 1959.
Edition:1st ed.
Series:Schriften des Vereins Für Socialpolitik Series
Subjects:
Online Access:Click to View
LEADER 05706nam a22004093i 4500
001 EBC7100847
003 MiAaPQ
005 20240729202203.0
006 m o d |
007 cr cnu||||||||
008 240729s1959 xx o ||||0 ger d
020 |a 9783428408139  |q (electronic bk.) 
020 |z 9783428008131 
035 |a (MiAaPQ)EBC7100847 
035 |a (Au-PeEL)EBL7100847 
035 |a (OCoLC)1347029687 
040 |a MiAaPQ  |b eng  |e rda  |e pn  |c MiAaPQ  |d MiAaPQ 
100 1 |a Pfister, Bernhard. 
245 1 0 |a Untersuchungen Zum Deutschen Vertriebenen- und Flüchtlingsproblem :  |b Zweite Abteilung: Einzeldarstellungen. IX: Kollai, Helmut R. : Die Eingliederung der Vertriebenen und Zuwanderer in Niedersachsen. 
250 |a 1st ed. 
264 1 |a Berlin :  |b Duncker & Humblot,  |c 1959. 
264 4 |c {copy}1959. 
300 |a 1 online resource (163 pages) 
336 |a text  |b txt  |2 rdacontent 
337 |a computer  |b c  |2 rdamedia 
338 |a online resource  |b cr  |2 rdacarrier 
490 1 |a Schriften des Vereins Für Socialpolitik Series 
505 0 |a Intro -- Inhalt -- Verzeichnis der im Text gebrauchten Abkürzungen -- Vorbemerkung -- Einleitung: Die Gründung der Landes Niedersachsen -- Erster Abschnitt: Die Wirtschafts- und Sozialstruktur Niedersachsens im Jahre 1939 -- A. Die Wirtschaftsausstattung -- B. Zahl und Verteilung der Bevölkerung -- C. Die Bevölkerung nach Gemeindegrößenklassen und die Wohnverhältnisse -- D. Die Sozialstruktur -- Zweiter Abschnitt: Die Aufnahme der Vertriebenen und Zuwanderer in Niedersachsen und ihre anfängliche regionale Verteilung -- A. Zahl und Herkunftsgebiete der aufgenommenen Vertriebenen und Zuwanderer im Jahre 1946 -- B. Die anfängliche regionale Verteilung der Vertriebenen und Zuwanderer auf die Bezirke, Kreise und Gemeinden -- C. Der verfügbare Wohnraum als Hauptgesichtspunkt der regionalen Verteilungspolitik und die tatsächlichen Wohnverhältnisse -- Dritter Abschnitt: Die Umsiedlungsaktionen von Flüchtlingen aus Niedersachsen und der Zustrom neuer Zuwanderer aus der sowjetischen Besatzungszone -- A. Die einzelnen Umsiedlungsaktionen -- 1. Die Problematik der Umsiedlung -- 2. Die Bundes-Umsiedlungsaktionen seit 1949 -- 3. Die Umsiedlung aus Niedersachsen -- B. Die Zuwanderung aus der sowjetischen Besatzungszone -- C. Die Zahl der heute in Niedersachsen wohnenden Vertriebenen und Zuwanderer -- Vierter Abschnitt: Die wirtschaftliche Eingliederung der Vertriebenen und Zuwanderer in Niedersachsen -- A. Die berufliche und soziale Umschichtung unter den Vertriebenen und Zuwanderern -- B. Die Eingliederung beruflich Selbständiger -- 1. Die Neuansetzung von vertriebenen und zugewanderten Landwirten -- a) Landbeschaffungsmöglichkeiten und -maßnahmen -- b) Das Ansetzungsergebnis -- 2. Die Neugründung von Vertriebenen- und Zuwandererbetrieben in der gewerblichen Wirtschaft -- a) Die verschiedenen Eingliederungsabschnitte. 
505 8 |a b) Die Flüchtlingsbetriebe in Industrie, Handel und im Bauhauptgewerbe -- c) Die Flüchtlingsbetriebe im Handwerk -- C. Die Eingliederung der Arbeitnehmer -- D. Der Rückgang der Arbeitslosigkeit unter den Vertriebenen und die Entwicklung ihres Anteils an der Gesamtarbeitslosigkeit -- 1. Entwicklung und Struktur der niedersächsischen Arbeitslosigkeit -- 2. Die arbeitslosen Vertriebenen nach Berufsgruppen -- 3. Die regionale Verteilung der Vertriebenenarbeitslosigkeit -- 4. Die Binnenumsiedlung von Vertriebenen und Zuwanderern als Maßnahme zur Verringerung der Arbeitslosigkeit -- E. Die im Zuge der Eingliederung sich abzeichnende regionale Neuverteilung der Flüchtlinge im niedersächsischen Raum -- 1. Die statistischen Quellen -- 2. Die Ost-West-Wanderung im niedersächsischen Raum -- 3. Die Land-Stadt-Wanderung -- 4. Die räumliche Mobilität der Flüchtlinge -- 5. Die Wohnversorgung -- a) Die vertriebenen Wohnparteien und Personen nach der Art der Unterbringung -- b) Die Vertriebenen als Wohnparteien in Normal- und Notwohnungen -- F. Die im Zuge der Eingliederung sich abzeichnende berufliche Mobilität der Flüchtlinge -- G. Die Eingliederungspolitik -- Fünfter Abschnitt: Die soziale Eingliederung der Flüchtlinge in Niedersachsen -- A. Die Notwendigkeit der sozialen Eingliederung -- B. Soziale Spannungen zwischen Alt- und Neubürgern -- C. Der Wille zum sozialen Wiederaufstieg -- D. Die Verschwägerung, mit der einheimischen Bevölkerung als Maßstab der sozialen Eingliederung -- Sechster Abschnitt: Die Wandlungen der Wirtschafts- und Sozialstruktur Niedersachsens durch die Aufnahme und Eingliederung der Flüchtlinge -- A. Die Notlage Niedersachsens und ihre Ursachen -- B. Wandlungen in der Industrie durch Neugründung von Flüchtlingsbetrieben -- C. Der gegenwärtige Stand der Industrialisierung -- D. Veränderungen auf dem Arbeitsmarkt. 
505 8 |a E. Geschlechtsverhältnis und Erwerbsfähigkeit -- F. Erwerbsbeteiligung und soziale Stellung -- Anhang -- Tabellenverzeichnis -- Tabellenteil -- Literaturverzeichnis. 
588 |a Description based on publisher supplied metadata and other sources. 
590 |a Electronic reproduction. Ann Arbor, Michigan : ProQuest Ebook Central, 2024. Available via World Wide Web. Access may be limited to ProQuest Ebook Central affiliated libraries.  
655 4 |a Electronic books. 
776 0 8 |i Print version:  |a Pfister, Bernhard  |t Untersuchungen Zum Deutschen Vertriebenen- und Flüchtlingsproblem  |d Berlin : Duncker & Humblot,c1959  |z 9783428008131 
797 2 |a ProQuest (Firm) 
830 0 |a Schriften des Vereins Für Socialpolitik Series 
856 4 0 |u https://ebookcentral.proquest.com/lib/matrademy/detail.action?docID=7100847  |z Click to View